| 000 | 02642nam0a2200421 4500 | ||
|---|---|---|---|
| 001 | RU\NLR\BIBL_A\022727516 | ||
| 005 | 20260510043511.0 | ||
| 010 | _a978-5-6051701-4-3 | ||
| 021 |
_aRU _bКН-П-25-079057 _9КН-П-25-7663 |
||
| 035 | _a(NLR Aleph) 022727516 | ||
| 090 |
_a13703442 _c13703442 |
||
| 100 | _a20260213d2024 u y0rusy50 ca | ||
| 101 | 0 | _arus | |
| 102 | _aRU | ||
| 105 | _aach z 000yy | ||
| 181 | 0 |
_ai2 _baxxe |
|
| 181 | 0 |
_ab2 _bbb2e |
|
| 182 | 0 | _an | |
| 200 | 1 |
_aАтлас ГУЛАГа _eиллюстрированная история советской репрессивной системы _fМузей истории ГУЛАГа, Фонд Памяти _gГалина Иванова, ответственный редактор, доктор исторических наук _gТатьяна Полянская, автор-составитель, кандидат исторических наук, Илья Удовенко, автор-составитель |
|
| 203 |
_aТекст _aИзображение _bвизуальные _cнепосредственные |
||
| 205 | _a4-е изд. | ||
| 210 |
_aМосква _cМузей истории ГУЛАГа _cФонд Памяти _d2024 |
||
| 215 |
_a127 с. _cил., портр., табл., факс. _d24 _e[1] л. карт., слож. в 6 раз (15х21 см) |
||
| 225 | 1 | _aИздательская программа Музея истории ГУЛАГа и Фонда Памяти | |
| 300 | _aЗагл. прил.: Система исправительно-трудовых лагерей, 1929-1960 годы | ||
| 320 | _aБиблиогр.: с. 112-113 | ||
| 540 | 1 | _aСистема исправительно-трудовых лагерей, 1929-1960 годы | |
| 601 | 1 | 2 |
_aСССР _bГлавное управление исправительно-трудовых лагерей и мест заключения _jАтласы _92204044 _3RU\NLR\AUTH\661324291 |
| 686 | 1 | _aТ3(2)7-3я6 | |
| 702 | 1 |
_4340 _7ca _8rus _aИванова _bГ. М. _cд-р ист. наук _f1953- _gГалина Михайловна _922758 _3RU\NLR\AUTH\7739795 |
|
| 702 | 1 |
_aПолянская _bТ. М. _f1978- _gТатьяна Михайловна _4220 |
|
| 712 | 0 | 1 |
_4570 _aСССР _bГлавное управление исправительно-трудовых лагерей и мест заключения _9557707 _3RU\NLR\AUTH\8810029563 |
| 712 | 0 | 2 |
_4475 _aМузей истории ГУЛАГа _cМосква _9609911 _3RU\NLR\AUTH\8810054693 |
| 942 | _cBOOK | ||
| 980 | _aNB | ||